Historia de la danza en Occidente.

Detalles Bibliográficos
Autor principal: Uribe-Echeverría Frey, Barbara
Formato: Libro
Lenguaje:inglés
Publicado: Santiago, Chile Universidad de Chile 1991

MARC

LEADER 00000cam a2200000 a 4500
001 020352
003 UAHC_CL
005 20170803121855.0
008 010822b xx j 000 1 eng
040 |a UAHC_CL  |c UAHC_CL  |d UAHC_CL 
100 1 |a Uribe-Echeverría Frey, Barbara 
245 1 0 |a Historia de la danza en Occidente. 
260 |b Universidad de Chile  |c 1991  |a Santiago, Chile 
300 |a 121 p. 
900 |a 792.809 URI 
942 |c BK 
952 |0 0  |1 0  |4 0  |6 792_809000000000000_URI  |7 0  |8 General  |9 40846  |a BS  |b BS  |c General  |d 2017-08-03  |l 0  |o 792.809 URI  |p 1365917  |r 2025-11-26 00:00:00  |t 1  |w 2017-08-03  |y BK  |z Fotocopia 
952 |0 0  |1 0  |4 0  |6 792_809000000000000_URI  |7 0  |8 General  |9 40847  |a BS  |b BS  |c General  |d 2017-08-03  |l 0  |o 792.809 URI  |p 1309637  |r 2017-08-03 00:00:00  |t 2  |w 2017-08-03  |y BK 
952 |0 0  |1 0  |4 0  |6 792_809000000000000_URI  |7 0  |8 General  |9 40848  |a BS  |b BS  |c General  |d 2017-08-03  |l 0  |o 792.809 URI  |p 1363903  |r 2025-11-26 00:00:00  |t 3  |w 2017-08-03  |y BK  |z Fotocopia 
952 |0 0  |1 0  |4 0  |6 792_809000000000000_URI  |7 0  |8 General  |9 40849  |a BS  |b BS  |c General  |d 2017-08-03  |l 1  |o 792.809 URI  |p 1833  |r 2026-03-03 17:00:48  |s 2023-05-25  |t 4  |w 2017-08-03  |y BK  |z Fotocopia 
999 |c 20352  |d 20352